000 07569cam a22020054i 4500
003 PE-LiUPU
005 20250813165327.0
008 150903s2008 mx a r 000 0 spa d
020 _a9789681869632
035 _a(Sirsi) i9789681869632
040 _aCO-BoBLA
_bspa
_cCO-BoBLA
_dPE-LiUPU
_erda
049 _aPRUA
082 0 4 _a624.1513
_bC85
_221
082 0 4 _a624.1513
_bC85 2014
_221
100 1 _aCrespo Villalaz, Carlos,
_eautor.
245 1 0 _aMécanica de suelos y cimentaciones /
_cCarlos Crespo Villalaz.
250 _aSexta edición.
264 1 _aMéxico :
_bLimusa,
_c2008.
300 _a644 páginas :
_bilustraciones ;
_c23 centímetros
336 _atext
_2rdacontent
337 _aunmediated
_2rdamedia
338 _avolume
_2rdacarrier
505 0 _aMecánica de suelos -- Obtención de muestras de suelos -- Algunas características físicas de los suelos -- Relaciones volumétricas -- Plasticidad de los suelos -- Clasificación de los suelos - Compactación -- Pruebas complementarias -- El agua en el suelo -- Estado de esfuerzos en las masas de los suelos -- Esfuerzo de corte en los suelos -- Relación entre esfuerzos verticales y horizontales -- Empuje de tierras -- Teoría de la consolidación -- Estabilidad de taludes -- Cortinas de tierras - Problemas - Cimentaciones -- Distribución de presiones -- Capacidad de carga de las cimentaciones -- Hundimiento de las estructuras -- Cimentaciones en terrenos plásticos y elásticos -- Cimentaciones sin esfuerzo -- Zapatas armadas para cimentación. Teoría elástica y teoría última -- Zapatas de lindero -- Cimentación por medio de trabes y losas planas - Pilotes -- Muros de contención -- Ataguías y cilindros de cimentación -- Pilas y estribos para puentes -- Cimentación de máquinas -- Movimiento de un edificio -- Tablas generales -- Diseño de zapatas por teoría última. Reglamento ACI 2005.
526 _aP203
526 _aP200
526 _aSEG65
526 _aSEG64
526 _aSEG63
526 _aSEG62
526 _aSEG61
526 _aSEG60
526 _aSEG59
526 _aSEG58
526 _aSEG57
526 _aSEG56
526 _aSEG55
526 _aSEG54
526 _aSEG53
526 _aSEG52
526 _aSEG51
526 _aSEG50
526 _aSEG49
526 _aSEG48
526 _aSEG47
526 _aSEG46
526 _aSEG24
526 _aSEG23
526 _aSEG22
526 _aSEG21
526 _aSEG20
526 _aSEG19
526 _aSEG18
526 _aSEG17
526 _aSEG16
526 _aSEG14
526 _aSEG13
526 _aSEG12
526 _aSEG11
526 _aSEG10
526 _aSEG09
526 _aSEG06
526 _aSEG05
526 _aSEG04
526 _aSEG03
526 _aSEG02
526 _aSEG68
526 _aSEG66
526 _aSEG45
526 _aSEG25
526 _aSEG01
526 _aP163
526 _aP162
526 _aP161
526 _aP160
526 _aP159
526 _aP158
526 _aP157
526 _aP156
526 _aP155
526 _aP154
526 _aP153
526 _aP152
526 _aP151
526 _aP150
526 _aP149
526 _aP142
526 _aP141
526 _aP140
526 _aP139
526 _aP138
526 _aP137
526 _aP132
526 _aP131
526 _aP130
526 _aP126
526 _aP125
526 _aP124
526 _aP123
526 _aP115
526 _aP122
526 _aP121
526 _aP116
526 _a P114
526 _aP112
526 _aP111
526 _aP104
526 _aP103
526 _aP102
526 _aP101
526 _aP100
526 _aP96
526 _aP95
526 _aP93
526 _aP92
526 _aP91
526 _aP88
526 _aP83
526 _aP82
526 _aP79
526 _aP78
526 _aP75
526 _aP74
526 _aP71
526 _aP69
526 _a P51
526 _aP49
526 _aP48
526 _aP47
526 _aP33
526 _aP31
526 _a P30
526 _aP29
526 _aP27
526 _aP26
526 _aP25
526 _aP24
526 _a P22
526 _aP10
526 _aP09
526 _a P08
526 _aP06
526 _aP05
526 _aP04
526 _aP01
541 _g043-0014565;
541 _g044-0022970;
650 4 _aCimentaciones.
650 4 _aMecánica de suelos
_vProblemas, ejercicios, etc.
650 4 _aMecánica de suelos.
_964
650 4 _aSuelos
_xClasificación.
910 _aaas
_bjck
_caas
_d20150903
942 _2ddc
_cBOOK
949 _a624.1513 C85
_wDEWEY
_c1
_i73058
_d2016-11-28
_e2016-11-24
_lCCODEBUL1
_mBUL
_n3
_p27.79
_r0
_sY
_tBOOK
_u2016-5-12
_xINGENIERIA
_PP25
_0COMPRA
_o.STAFF. Colección General
949 _a624.1513 C85
_wDEWEY
_c1
_iFJ00200
_lCCODEBUJ1
_mBUJ
_p27.13
_r0
_sY
_tBOOK
_u2015-9-3
_xINGENIERIA
_PP25
_0COMPRA
_o.STAFF. Colección General Juliaca
949 _a624.1513 C85
_wDEWEY
_c2
_i73059
_d2016-10-27
_e2016-10-24
_lCCODEBUL1
_mBUL
_n2
_p27.79
_r0
_sY
_tBOOK
_u2016-5-12
_xINGENIERIA
_PP25
_0COMPRA
_o.STAFF. Colección General
949 _a624.1513 C85
_wDEWEY
_c2
_iFJ00201
_lCCODEBUJ1
_mBUJ
_p27.13
_r0
_sY
_tBOOK
_u2015-9-3
_xINGENIERIA
_PP25
_0COMPRA
_o.STAFF. Colección General Juliaca
949 _a624.1513 C85
_wDEWEY
_c3
_i73060
_d2016-11-23
_e2016-11-23
_lCCODEBUL1
_mBUL
_n3
_p27.79
_r0
_sY
_tBOOK
_u2016-5-12
_xINGENIERIA
_PP25
_0COMPRA
_o.STAFF. Colección General
949 _a624.1513 C85 2008
_wDEWEY
_c3
_iFJ01732
_lCCODEBUJ1
_mBUJ
_p27.13
_r0
_sY
_tBOOK
_u2016-9-2
_xINGENIERIA
_PP25
_0COMPRA
_o.STAFF. Colección General Juliaca
949 _a624.1513 C85 2014
_wDEWEY
_c3
_iFJ06761
_lCCODEBUJ1
_mBUJ
_p27.13
_r0
_sY
_tBOOK
_u2016-9-2
_xINGENIERIA
_PP25
_0COMPRA
_o.STAFF. Colección General Juliaca
994 _aC0
_bPEPRU
596 _a1 3
999 _a624.1513 C85
_wDEWEY
_c7032
_iFJ00200
_d7032
_e2019-4-26
_f2022-1-26
_g4
_lCCODEBUJ1
_mBUJ
_n13
_p27.13
_q12
_r0
_sY
_tBOOK
_u2015-9-3
_xINGENIERIA
_PP25
_0COMPRA
_o.STAFF. Colección General Juliaca
999 _a624.1513 C85
_wDEWEY
_c2
_iFJ00201
_d2019-10-21
_e2019-10-15
_f2022-1-26
_g4
_lCCODEBUJ1
_mBUJ
_n23
_p27.13
_q17
_r0
_sY
_tBOOK
_u2015-9-3
_xINGENIERIA
_PP25
_0COMPRA
_o.STAFF. Colección General Juliaca
999 _a624.1513 C85
_wDEWEY
_c3
_iFJ01732
_d2019-9-30
_e2019-9-16
_f2022-1-26
_g4
_lCCODEBUJ1
_mBUJ
_n16
_p27.13
_q15
_r0
_sY
_tBOOK
_u2016-9-2
_xINGENIERIA
_PP25
_0COMPRA
_o.STAFF. Colección General Juliaca
999 _a624.1513 C85
_wDEWEY
_c1
_i73058
_d2018-11-21
_e2018-10-19
_f2021-11-9
_g7
_lCCODEBUL1
_mBUL
_n18
_p27.79
_q11
_r0
_sY
_tBOOK
_u2016-5-12
_xINGENIERIA
_PP25
_0COMPRA
_o.STAFF. Colección General
999 _a624.1513 C85
_wDEWEY
_c2
_i73059
_d2018-11-18
_e2018-11-15
_f2021-11-9
_g8
_lCCODEBUL1
_mBUL
_n8
_p27.79
_q14
_r0
_sY
_tBOOK
_u2016-5-12
_xINGENIERIA
_PP25
_0COMPRA
_o.STAFF. Colección General
999 _a624.1513 C85
_wDEWEY
_c3
_i73060
_d2019-8-11
_e2019-3-28
_f2021-11-9
_g7
_lCCODEBUL1
_mBUL
_n17
_p27.79
_q14
_r0
_sY
_tBOOK
_u2016-5-12
_xINGENIERIA
_PP25
_0COMPRA
_o.STAFF. Colección General
999 _a624.1513 C85 2014
_wDEWEY
_c1
_iFJ06761
_d2019-9-24
_e2019-9-3
_f2022-1-26
_g3
_lCCODEBUJ1
_mBUJ
_n18
_p34.45
_q14
_r0
_sY
_tBOOK
_u2017-2-13
_xINGENIERIA
_PP25
_0COMPRA
_o.STAFF. Colección General Juliaca
980 _81
_gALBERTO SANCHEZ Responsable de Automatización